[Event "RB-2011-0-00160"]
[Site "LSS email"]
[Date "2012.01.05"]
[Round "?"]
[White "Vasquez, Gerardo"]
[Black "Santos, Sebastiao"]
[Result "1/2-1/2"]
[WhiteElo "1914"]
[BlackElo "1869"]
[PlyCount "60"]
[EventDate "2011.12.18"]
[EventType "tourn (corr)"]
[EventRounds "6"]
[EventCountry "GER"]
[SourceTitle "Telechess CBM 153"]
[Source "ChessBase"]
[SourceDate "2013.03.14"]
[SourceVersion "1"]
[SourceVersionDate "2013.03.14"]
[SourceQuality "1"]

1. e4 c5 2. Nc3 Nc6 3. Nf3 e6 4. d4 cxd4 5. Nxd4 Nf6 6. a3 Be7 7. Bf4 0-0 8. e5 Nd5 9. Nxd5 exd5 10. Be2 d6 11. exd6 Bxd6 12. Bxd6 Qxd6 13. 0-0 Bd7 14. Nb5 Qe5 15. Re1 Rae8 16. Bf3 Qxb2 17. Rxe8 Rxe8 18. Rb1 Qe5 19. Bxd5 Rd8 20. Bxc6 bxc6 21. Qd6 Qxd6 22. Nxd6 g6 23. Nb7 Rb8 24. Rb4 a5 25. Nxa5 Ra8 26. Nc4 Be6 27. Ne3 Rxa3 28. Kf1 Ra7 29. Ke2 Kf8 30. Rb6 Bd7 1/2-1/2

[Event "RB-2011-0-00152"]
[Site "LSS email"]
[Date "2011.11.22"]
[Round "?"]
[White "Santos, Sebastiao"]
[Black "Vasquez, Gerardo"]
[Result "1-0"]
[WhiteElo "1884"]
[BlackElo "1920"]
[PlyCount "101"]
[EventDate "2011.11.02"]
[EventType "tourn (corr)"]
[EventRounds "6"]
[EventCountry "GER"]
[SourceTitle "Telechess CBM 157"]
[Source "ChessBase"]
[SourceDate "2013.11.12"]
[SourceVersion "1"]
[SourceVersionDate "2013.11.12"]
[SourceQuality "1"]

1. e4 e5 2. Nf3 Nc6 3. Bb5 a6 4. Ba4 Nf6 5. 0-0 b5 6. Bb3 Bb7 7. d3 Bc5 8. a4 0-0 9. Nc3 Nd4 10. axb5 Nxb3 11. cxb3 axb5 12. Rxa8 Qxa8 13. Nxe5 Re8 14. Nf3 b4 15. Na4 Be7 16. Be3 d6 17. Nd4 Qa6 18. f3 Bc8 19. Ne2 h6 20. Nf4 Qb5 21. Qc2 Bd8 22. Rd1 Bd7 23. Qd2 Nh7 24. Rc1 c6 25. Qc2 f5 26. Ne2 c5 27. Ng3 fxe4 28. dxe4 Ng5 29. Bf2 Nf7 30. Nf1 Qa6 31. Rd1 Bb5 32. Ne3 Bf6 33. Nd5 Bd8 34. Bg3 Be7 35. Nc7 Qb7 36. Nxe8 Bxe8 37. Qd3 Kf8 38. Kf2 h5 39. Qd5 Qa7 40. h4 Qc7 41. Rc1 Qa7 42. Kg1 Bxa4 43. bxa4 Qxa4 44. Kh2 Qa6 45. Rd1 Bf6 46. Qe6 Bd4 47. e5 Bxb2 48. exd6 Bf6 49. Qd5 Qb6 50. Re1 g6 51. Re6 1-0